| Поле | Инд. | ПП | Название | Значение |
|---|---|---|---|---|
| Тип записи | a | |||
| Библиографический уровень | m | |||
| 001 | Контрольный номер | RU\SPSTU\books\20067530 | ||
| 005 | Дата корректировки | 20140703191642.8 | ||
| 008 | Кодируемые данные | 100517s2010 RU a j 000 1 rus u | ||
| 020 | a | ISBN | 978- 5-8114-1032-3 | |
| 040 | d | Организация, изменившая запись | НБ ТвГУ | |
| c | Служба, преобразующая запись | 19013582 | ||
| 041 | a | Код языка текста | rus | |
| 044 | a | Код страны публикации | RU | |
| 080 | a | Индекс УДК | 621.3.049.76(075.8) | |
| 080 | a | Индекс УДК | 544.1(075.8) | |
| 084 | a | Индекс другой классификации/Индекс ББК | Ж6я73-1 | |
| 084 | a | Индекс другой классификации/Индекс ББК | Г511я73-1 | |
| 090 | a | Полочн. индекс | Ж6 | |
| x | Авторский знак | И 15 | ||
| 100 | 1_ | a | Автор | Ибрагимов Ильдар Маратович |
| q | Полное имя | Ибрагимов И. М. | ||
| 245 | a | Заглавие | Основы компьютерного моделирования наносистем | |
| b | Продолж. заглавия | учебное пособие | ||
| 260 | a | Место издания | Санкт-Петербург [и др.] | |
| b | Издательство | Лань | ||
| c | Дата издания | 2010 | ||
| 300 | a | Объем | 376 с. | |
| b | Иллюстрации/ тип воспроизводства | ил., табл. | ||
| c | Размеры | 21 см | ||
| 440 | a | Серия | Учебники для вузов | |
| 440 | _0 | a | Серия | Специальная литература |
| 504 | a | Библиография | Библиогр.: с. 373-374 (15 назв.) | |
| 520 | a | Аннотация | Представлены основные положения моделирования систем на различных иерархических уровнях строения вещества по схеме «снизу вверх» (атомная структура, молекулы, супрамолекулярные системы и нанокластеры) и рассмотрены взаимодействия частиц на таких уровнях. Систематизированы основные методы вычислительной нанотехнологии: квантовомеханические расчеты «из первых принципов» и методы, основанные на положениях молекулярной динамики и моделях Монте-Карло. Изложены способы молекулярной самосборки и методы многомасштабного моделирования материалов и процессов. Приведен обзор программного обеспечения моделирования наносистем.Для студентов вузов и специалистов в области вычислительной нанотехнологии. | |
| 653 | a | Ключевые слова | Вычислительная нанотехнология | |
| a | Ключевые слова | Вычислительные методы | ||
| a | Ключевые слова | Квантовая химия | ||
| a | Ключевые слова | Компьютерное моделирование | ||
| a | Ключевые слова | Межмолекулярные взаимодействия | ||
| a | Ключевые слова | Моделирование наносистем | ||
| a | Ключевые слова | Наносистемы | ||
| a | Ключевые слова | Наноструктуры | ||
| a | Ключевые слова | Нанотехнологии | ||
| a | Ключевые слова | Строение вещества | ||
| a | Ключевые слова | Учебники для вузов | ||
| a | Ключевые слова | Физическая химия | ||
| a | Ключевые слова | Химия | ||
| 700 | 1_ | a | Другие авторы | Ковшов Анатолий Николаевич |
| q | Полное имя | Ковшов, А. Н. | ||
| 700 | 1_ | a | Другие авторы | Назаров Юрий Федорович |
| q | Полное имя | Назаров, Ю. Ф. | ||
| 920 | a | Оператор | Стру | |
| 930 | a | Новая/Ретро | учебники | |
| 940 | a | ПМиК | ||
| d | методы конечных элементов | |||
| 952 | c | Вид литературы | К ру | |
| 954 | a | Дата поступления на обработку | 20101019 | |
| 990 | a | Автор заказа (DOS) | каф. мат. моделирования | |
| b | Заказано (DOS) | 3 |